Statystyki dla Stolice państw #1

Kliknij tutaj aby rozwiązać quiz!

Ogólne statystyki

  • Ten quiz został rozwiązany 44 razy
  • Średni wynik to 12 z 15

Statystyki odpowiedzi

StolicaPaństwo% Poprawnych
RzymWłochy
100%
TokioJaponia
88%
MoskwaRosja
88%
Buenos AiresArgentyna
86%
PekinChiny
86%
OsloNorwegia
86%
OttawaKanada
83%
AlgierAlgieria
81%
KairEgipt
81%
CanberraAustralia
74%
TiranaAlbania
71%
NikozjaCypr
71%
VaduzLiechtenstein
64%
BakuAzerbejdżan
55%
KinszasaDemokratyczna Republika Konga
43%

Rozkład punktacji

Percentyl według liczby udzielonych odpowiedzi

Procent ludzi z każdym wynikiem

Twoja historia wyników

Nie rozwiązałeś tego quizu